Top 25 Metros Containing '-ka-' Quiz Stats

 Plays Quiz not verified by Sporcle

Challenge
Share
Tweet
Embed
Score 0/25 Timer 06:00
0 Plays Today
Population City % Correct
27,500,000Jakarta
100%
4,600,000Ankara
98.6%
17,800,000Osaka
96.5%
17,100,000Dhaka
96.5%
3,575,000Kabul
95.1%
23,800,000Karachi
94.4%
3,150,000Dakar
93.8%
2,925,000Kampala
91.7%
2,850,000Kathmandu
91.7%
15,900,000Kolkata
90.3%
2,225,000Lusaka
82.6%
2,400,000Katowice
79.2%
1,910,000Kansas City
77.8%
Population City % Correct
4,025,000Kano
77.1%
2,650,000Fukuoka
61.8%
1,210,000Kazan
59.7%
3,250,000Kanpur
55.6%
1,590,000Yekaterinburg
50.7%
1,640,000Kaduna
38.9%
1,750,000Makassar
35.4%
1,270,000Yogyakarta
22.2%
2,200,000Okayama
21.5%
1,150,000Pekanbaru
20.1%
1,160,000Shizuoka
18.8%
1,210,000Surakarta
18.1%

You're not logged in!

Compare scores with friends on all Sporcle quizzes.
OR
Log In

You Might Also Like...

Show Comments

Extras

Top Quizzes Today


Score Distribution

Your Account Isn't Verified!

In order to create a playlist on Sporcle, you need to verify the email address you used during registration. Go to your Sporcle Settings to finish the process.

Report this User

Report this user for behavior that violates our Community Guidelines.

Details: